[Event "33. Open Ciudad de San Sebastian"]
[Site "San Sebastián ESP"]
[Date "2010.03.28"]
[Round "1.1"]
[White "Spraggett, Kevin"]
[Black "Rodriguez Cabrera, Fco  Javier"]
[Result "1-0"]
[WhiteElo "2580"]
[BlackElo "1962"]
[PlyCount "53"]
[EventDate "2010.03.28"]
[EventType "swiss"]
[EventRounds "9"]
[EventCountry "ESP"]
[Source "lmi"]
[SourceDate "2010.03.28"]

1. c4 e5 2. Nc3 Nf6 3. Nf3 Nc6 4. a3 a5 5. e3 d5 6. cxd5 Nxd5 7. Qc2 g6 8. Bb5
f6 9. d4 Bg4 10. dxe5 Bxf3 11. gxf3 Bg7 12. exf6 Nxf6 13. b3 O-O 14. Bb2 Ne5
15. Be2 c6 16. f4 Ned7 17. h4 Qe8 18. h5 Nc5 19. hxg6 b5 20. Nd1 Qe7 21. Rc1
Nce4 22. gxh7+ Kh8 23. Rg1 Rad8 24. Bd3 Rxd3 25. Qxd3 Rd8 26. Bxf6 Bxf6 27.
Qxd8+ 1-0

[Event "33. Open Ciudad de San Sebastian"]
[Site "San Sebastián ESP"]
[Date "2010.03.28"]
[Round "1.2"]
[White "Martinez Pelaez, David"]
[Black "Gleizerov, Evgeny"]
[Result "0-1"]
[WhiteElo "1960"]
[BlackElo "2565"]
[PlyCount "94"]
[EventDate "2010.03.28"]
[EventType "swiss"]
[EventRounds "9"]
[EventCountry "ESP"]
[Source "lmi"]
[SourceDate "2010.03.28"]

1. d4 e6 2. Nc3 d5 3. e4 Nf6 4. Bg5 Be7 5. e5 Nfd7 6. Bxe7 Qxe7 7. f4 O-O 8.
Nf3 c5 9. Qd2 Nc6 10. dxc5 Nxc5 11. O-O-O a6 12. g3 b5 13. Nd4 Nxd4 14. Qxd4 b4
15. Ne2 a5 16. Bg2 Ba6 17. Rhe1 a4 18. Kb1 Bc4 19. Nc1 b3 20. cxb3 axb3 21. a3
Na4 22. f5 exf5 23. e6 fxe6 24. Bxd5 Bxd5 25. Qxd5 Rfe8 26. Qd6 Nc5 27. Re3
Rab8 28. Rd5 Qg5 29. Rde5 Rbc8 30. Qd4 Qf6 31. Nxb3 Ne4 32. Rb5 e5 33. Qd5+ Kh8
34. Rb7 Red8 35. Rd7 Rxd7 36. Qxd7 Rd8 37. Qb7 h6 38. Qb5 Qd6 39. Qe2 Rb8 40.
Qd3 Qe6 41. Nd2 Qb6 42. Nc4 Qc7 43. Re2 Rd8 44. Qc2 Rc8 45. Nxe5 Qb7 46. Qd3
Nc3+ 47. Ka1 Qh1+ 0-1

[Event "33. Open Ciudad de San Sebastian"]
[Site "San Sebastián ESP"]
[Date "2010.03.28"]
[Round "1.3"]
[White "Korneev, Oleg"]
[Black "Miguelez Garcia, Erlantz"]
[Result "1-0"]
[WhiteElo "2558"]
[BlackElo "1958"]
[PlyCount "33"]
[EventDate "2010.03.28"]
[EventType "swiss"]
[EventRounds "9"]
[EventCountry "ESP"]
[Source "lmi"]
[SourceDate "2010.03.28"]

1. e4 c6 2. c4 d5 3. exd5 cxd5 4. cxd5 Nf6 5. Nc3 Nxd5 6. Nf3 Nc6 7. Bb5 e6 8.
O-O Be7 9. d4 O-O 10. Re1 Nxc3 11. bxc3 Bf6 12. Bd3 b6 13. h4 Bb7 14. Ng5 g6
15. Qg4 Qd7 16. h5 Kg7 17. Nxh7 1-0

[Event "33. Open Ciudad de San Sebastian"]
[Site "San Sebastián ESP"]
[Date "2010.03.28"]
[Round "1.4"]
[White "Etxeberria Iriondo, Sabino"]
[Black "Alsina Leal, Daniel"]
[Result "0-1"]
[WhiteElo "1958"]
[BlackElo "2548"]
[PlyCount "62"]
[EventDate "2010.03.28"]
[EventType "swiss"]
[EventRounds "9"]
[EventCountry "ESP"]
[Source "lmi"]
[SourceDate "2010.03.28"]

1. e4 c5 2. b4 cxb4 3. a3 d5 4. exd5 Qxd5 5. Nf3 Nf6 6. axb4 e6 7. Nc3 Qd8 8.
Nb5 Nc6 9. c3 Be7 10. Bc4 O-O 11. O-O b6 12. Re1 Bb7 13. Nbd4 Nxd4 14. Nxd4 Bd5
15. Ba6 Qc7 16. Qe2 Rad8 17. Nb5 Qd7 18. f3 h5 19. d4 h4 20. Bd2 h3 21. c4 Ba8
22. g4 Nh7 23. Ra3 Bf6 24. Be3 Ng5 25. Rf1 Qc6 26. Bxg5 Bxg5 27. Nxa7 Qd6 28.
Nb5 Qxb4 29. f4 Bf6 30. Rxh3 Rxd4 31. g5 Rd2 0-1

[Event "33. Open Ciudad de San Sebastian"]
[Site "San Sebastián ESP"]
[Date "2010.03.28"]
[Round "1.5"]
[White "San Segundo Carrillo, Pablo"]
[Black "Tung, Kai Ming"]
[Result "1-0"]
[WhiteElo "2534"]
[BlackElo "1957"]
[PlyCount "35"]
[EventDate "2010.03.28"]
[EventType "swiss"]
[EventRounds "9"]
[EventCountry "ESP"]
[Source "lmi"]
[SourceDate "2010.03.28"]

1. d4 e6 2. c4 Nf6 3. Nc3 b6 4. e4 Bb7 5. Bd3 Bb4 6. f3 Bxc3+ 7. bxc3 d6 8. Ne2
Nbd7 9. O-O e5 10. Ng3 Nf8 11. f4 Ng6 12. fxe5 dxe5 13. Nf5 Rg8 14. Bg5 Qd7 15.
Nxg7+ Rxg7 16. Bxf6 Rg8 17. Qh5 h6 18. Rf5 1-0

[Event "33. Open Ciudad de San Sebastian"]
[Site "San Sebastián ESP"]
[Date "2010.03.28"]
[Round "1.6"]
[White "Hernandez Lopez, Daniel"]
[Black "Cabrera, Alexis"]
[Result "0-1"]
[WhiteElo "1955"]
[BlackElo "2533"]
[PlyCount "82"]
[EventDate "2010.03.28"]
[EventType "swiss"]
[EventRounds "9"]
[EventCountry "ESP"]
[Source "lmi"]
[SourceDate "2010.03.28"]

1. e4 c6 2. d4 d5 3. Nc3 dxe4 4. Nxe4 Bf5 5. Ng3 Bg6 6. h4 h6 7. Nf3 Nd7 8. Bd3
Bxd3 9. Qxd3 e6 10. Bf4 Qa5+ 11. c3 Ngf6 12. O-O Be7 13. Ne4 O-O 14. Ned2 Rad8
15. Nc4 Qh5 16. Bc7 Nc5 17. Qc2 Rd7 18. Bh2 Nce4 19. Rfe1 Nd6 20. Re5 Nf5 21.
Ne3 g6 22. Nxf5 gxf5 23. Re2 Ne4 24. Rae1 Bxh4 25. Nxh4 Qxh4 26. Rxe4 fxe4 27.
Rxe4 Qh5 28. f3 Qf5 29. Qc1 f6 30. Qxh6 Rh7 31. Qe3 Kf7 32. Bd6 Rfh8 33. c4
Rh1+ 34. Kf2 R8h4 35. Bf4 Rb1 36. Qb3 Rxf4 37. Qxb7+ Kg6 38. Qb8 Rxe4 39. Qg8+
Kh6 40. Qh8+ Kg5 41. Kg3 Rg4+ 0-1

[Event "33. Open Ciudad de San Sebastian"]
[Site "San Sebastián ESP"]
[Date "2010.03.28"]
[Round "1.7"]
[White "Movsziszian, Karen"]
[Black "Lyons, Brendan"]
[Result "1-0"]
[WhiteElo "2530"]
[BlackElo "1952"]
[PlyCount "97"]
[EventDate "2010.03.28"]
[EventType "swiss"]
[EventRounds "9"]
[EventCountry "ESP"]
[Source "lmi"]
[SourceDate "2010.03.28"]

1. e4 c5 2. d3 d5 3. Nd2 Nc6 4. g3 dxe4 5. dxe4 g6 6. Bg2 Bg7 7. Ne2 Bg4 8. h3
Bd7 9. O-O Nd4 10. c3 Nc6 11. f4 Qc8 12. Kh2 h5 13. Nf3 Nh6 14. Be3 b6 15. a3
Qc7 16. Nh4 O-O-O 17. Qc2 Na5 18. b4 Nc4 19. Bf2 Be6 20. Rfd1 Rxd1 21. Rxd1 Rd8
22. Rxd8+ Kxd8 23. bxc5 bxc5 24. f5 gxf5 25. exf5 Bd7 26. Nf4 Qe5 27. Nxh5 Nxf5
28. Nxf5 Bxf5 29. Qd1+ Nd6 30. Nxg7 Qxg7 31. Bxc5 Qe5 32. Bxa7 Qxc3 33. Bb6+
Ke8 34. a4 Kf8 35. a5 Qb2 36. Qd4 Qxd4 37. Bxd4 Bc8 38. Bf1 Bb7 39. a6 Ba8 40.
Bg2 Ne4 41. g4 f6 42. h4 Kg7 43. h5 e5 44. Be3 Bd5 45. a7 Ba8 46. Kg1 f5 47.
gxf5 Kf6 48. h6 Kf7 49. Bc1 1-0

[Event "33. Open Ciudad de San Sebastian"]
[Site "San Sebastián ESP"]
[Date "2010.03.28"]
[Round "1.8"]
[White "Arana Garate, Jon"]
[Black "Cifuentes Parada, Roberto"]
[Result "0-1"]
[WhiteElo "1944"]
[BlackElo "2525"]
[PlyCount "88"]
[EventDate "2010.03.28"]
[EventType "swiss"]
[EventRounds "9"]
[EventCountry "ESP"]
[Source "lmi"]
[SourceDate "2010.03.28"]

1. d4 d5 2. Nf3 c5 3. dxc5 e6 4. c4 Nf6 5. Bg5 Bxc5 6. e3 Qa5+ 7. Nc3 Ne4 8.
Qc2 Bb4 9. Rc1 Nxg5 10. Nxg5 d4 11. h4 dxc3 12. bxc3 Be7 13. Rb1 Nc6 14. Rb5
Qc7 15. Qe4 a6 16. Rb1 h6 17. Nf3 Bd7 18. Be2 f5 19. Qc2 O-O 20. h5 e5 21. Nd2
Be6 22. g4 e4 23. gxf5 Bxf5 24. c5 Bxc5 25. Qb3+ Kh8 26. Qxb7 Qxb7 27. Rxb7
Rab8 28. Bxa6 Ne5 29. Rxb8 Rxb8 30. Nb3 Be7 31. Be2 Ra8 32. Nd4 Bd7 33. f4 exf3
34. Nxf3 Ng4 35. Bc4 Bc6 36. Rh3 Nxe3 37. Bb3 Ng2+ 38. Kd2 Nf4 39. Rg3 Nxh5 40.
Rh3 Nf4 41. Rg3 Bf6 42. Nd4 Rd8 43. Ke3 Nd5+ 44. Kd3 Nxc3 0-1

[Event "33. Open Ciudad de San Sebastian"]
[Site "San Sebastián ESP"]
[Date "2010.03.28"]
[Round "1.9"]
[White "Ulibin, Mikhail"]
[Black "Tirado Parra, Alberto"]
[Result "1-0"]
[WhiteElo "2516"]
[BlackElo "1943"]
[PlyCount "63"]
[EventDate "2010.03.28"]
[EventType "swiss"]
[EventRounds "9"]
[EventCountry "ESP"]
[Source "lmi"]
[SourceDate "2010.03.28"]

1. a3 e5 2. c4 Nf6 3. e3 d5 4. cxd5 Nxd5 5. Nf3 Bd6 6. Qc2 O-O 7. d3 Be6 8. g3
h6 9. Bg2 Qd7 10. d4 Bh3 11. O-O Bxg2 12. Kxg2 Nc6 13. dxe5 Nxe5 14. Nxe5 Bxe5
15. f4 Bf6 16. e4 Nb6 17. e5 Be7 18. Nd2 Rad8 19. f5 Bg5 20. Nf3 Bxc1 21. Raxc1
Nd5 22. Rce1 Rfe8 23. Re2 Re7 24. Rfe1 Rde8 25. Rd2 c6 26. h4 Qc7 27. Rde2 Qb6
28. Qc4 Nc7 29. Kh3 Qb5 30. Qg4 Kh7 31. f6 Rg8 32. Ng5+ 1-0

[Event "33. Open Ciudad de San Sebastian"]
[Site "San Sebastián ESP"]
[Date "2010.03.28"]
[Round "1.10"]
[White "Severri Arrese, Carlos"]
[Black "Llaneza Vega, Marcos"]
[Result "0-1"]
[WhiteElo "1925"]
[BlackElo "2514"]
[PlyCount "134"]
[EventDate "2010.03.28"]
[EventType "swiss"]
[EventRounds "9"]
[EventCountry "ESP"]
[Source "lmi"]
[SourceDate "2010.03.28"]

1. d4 d6 2. Bg5 c6 3. c3 Nf6 4. Nd2 Nbd7 5. Ngf3 h6 6. Bxf6 Nxf6 7. Qc2 d5 8.
e3 e6 9. h3 Be7 10. Be2 Qc7 11. a3 b6 12. Rc1 Bb7 13. Ne5 Nd7 14. Ndf3 Nxe5 15.
Nxe5 O-O 16. O-O Bd6 17. f4 c5 18. Qd2 a5 19. Bd1 Ba6 20. Re1 Rac8 21. Bc2 Qe7
22. Bb1 Bxe5 23. Qc2 f5 24. dxe5 Bb7 25. Qb3 Qc7 26. Qc2 Qf7 27. Qb3 Rc6 28.
Ba2 Qg6 29. Qc2 b5 30. Qe2 Rb6 31. Rcd1 b4 32. Rd2 Ba6 33. Qf2 Rfb8 34. cxb4
axb4 35. e4 fxe4 36. f5 Qxf5 37. Qxf5 exf5 38. Rxd5 b3 39. Bb1 c4 40. g4 fxg4
41. hxg4 c3 42. bxc3 b2 43. Rd4 Bd3 44. e6 Kf8 45. Kf2 Rxe6 46. Ke3 Rb3 47. Kd2
Bxb1 48. Rxb1 e3+ 49. Ke2 Rxc3 50. Rxb2 Rxa3 51. Rf4+ Kg8 52. Rf3 Kh7 53. Rf7
Ra5 54. Rf3 Rae5 55. Rb4 Kg6 56. Rb7 Re7 57. Rb6+ Kg5 58. Rg3 Kh4 59. Rg1 Rd7
60. Rb3 Rd2+ 61. Ke1 Ra2 62. Rb1 Kh3 63. g5 hxg5 64. Rh1+ Kg2 65. Rh5 e2 66.
Rxg5+ Rxg5 67. Rb5 Ra1+ 0-1

[Event "33. Open Ciudad de San Sebastian"]
[Site "San Sebastián ESP"]
[Date "2010.03.28"]
[Round "1.11"]
[White "Alonso Rosell, Alvar"]
[Black "Bello Castano, Diego"]
[Result "1-0"]
[WhiteElo "2509"]
[BlackElo "1911"]
[PlyCount "33"]
[EventDate "2010.03.28"]
[EventType "swiss"]
[EventRounds "9"]
[EventCountry "ESP"]
[Source "lmi"]
[SourceDate "2010.03.28"]

1. d4 c6 2. c4 d5 3. Nf3 Nf6 4. Nc3 e6 5. Bg5 Nbd7 6. e3 Bd6 7. Bd3 dxc4 8.
Bxc4 O-O 9. O-O b5 10. Bd3 Bb7 11. Ne4 Be7 12. Bxf6 Bxf6 13. Rc1 e5 14. Nd6 Qb6
15. dxe5 Nxe5 16. Nxe5 Bxe5 17. Qh5 1-0

[Event "33. Open Ciudad de San Sebastian"]
[Site "San Sebastián ESP"]
[Date "2010.03.28"]
[Round "1.12"]
[White "Kopischke, Maik"]
[Black "Pogorelov, Ruslan"]
[Result "0-1"]
[WhiteElo "1911"]
[BlackElo "2486"]
[PlyCount "72"]
[EventDate "2010.03.28"]
[EventType "swiss"]
[EventRounds "9"]
[EventCountry "ESP"]
[Source "lmi"]
[SourceDate "2010.03.28"]

1. d4 Nf6 2. Nf3 e6 3. Bf4 Be7 4. h3 c5 5. e3 Qb6 6. Nbd2 Qxb2 7. Bd3 d5 8.
dxc5 Qc3 9. O-O Qxc5 10. Nb3 Qb6 11. Rb1 O-O 12. Nbd4 Qc5 13. Rb5 Qa3 14. Qb1
a6 15. Rb3 Qc5 16. Qb2 Nbd7 17. Rc3 Qb6 18. Rb3 Qd8 19. Rb1 Nc5 20. Ra3 Bd7 21.
Qc1 Nxd3 22. Rxd3 b5 23. Ne5 Rc8 24. f3 Bc5 25. g4 Qe7 26. h4 Ne8 27. g5 Nd6
28. h5 Nc4 29. Ng4 e5 30. Nxe5 Nxe5 31. h6 Nxd3 32. cxd3 Bxd4 33. Qd2 Bc3 34.
Qh2 g6 35. d4 f6 36. Kf2 Bxd4 0-1

[Event "33. Open Ciudad de San Sebastian"]
[Site "San Sebastián ESP"]
[Date "2010.03.28"]
[Round "1.13"]
[White "Tratar, Marko"]
[Black "Fernandez Zubitur, Jokin"]
[Result "1-0"]
[WhiteElo "2486"]
[BlackElo "1908"]
[PlyCount "113"]
[EventDate "2010.03.28"]
[EventType "swiss"]
[EventRounds "9"]
[EventCountry "ESP"]
[Source "lmi"]
[SourceDate "2010.03.28"]

1. d4 Nf6 2. c4 e5 3. dxe5 Ng4 4. Nf3 Bc5 5. e3 Nc6 6. a3 a5 7. Nc3 Ngxe5 8.
Nd4 d6 9. Ndb5 Be6 10. Nd5 Bxd5 11. cxd5 Ne7 12. Be2 O-O 13. O-O c6 14. Nc3 Qd7
15. b3 Nxd5 16. Nxd5 cxd5 17. Qxd5 Qe6 18. Rd1 Rfe8 19. Bb2 Ng6 20. g3 Ne7 21.
Qg5 Qg6 22. Qxg6 Nxg6 23. Bf3 Rab8 24. Bc3 Ne5 25. Bd5 Nc6 26. Kg2 Ra8 27. g4
h6 28. h4 Ra7 29. h5 Ne5 30. Kg3 Nd7 31. e4 Nf6 32. f3 Nxd5 33. Rxd5 f6 34. Bb2
b5 35. Rc1 b4 36. a4 Rae7 37. Bd4 Bxd4 38. Rxd4 Rd7 39. Rc6 Red8 40. Rd5 Ra7
41. Kf4 Kf7 42. Rcxd6 Rxd6 43. Rxd6 Ke7 44. Rc6 Kd7 45. Rb6 Kc7 46. Rb5 Kd7 47.
Kf5 Ke7 48. f4 Rc7 49. Rxa5 Rc3 50. Ra7+ Kd6 51. Rxg7 Rxb3 52. Kxf6 Ra3 53. Ra7
Kc6 54. Ra5 b3 55. Rb5 Rxa4 56. Rxb3 Rxe4 57. Kf5 1-0

[Event "33. Open Ciudad de San Sebastian"]
[Site "San Sebastián ESP"]
[Date "2010.03.28"]
[Round "1.14"]
[White "Fuente San Sebastian, Ernesto"]
[Black "Alvarez Pedraza, Aramis"]
[Result "0-1"]
[WhiteElo "1897"]
[BlackElo "2486"]
[PlyCount "62"]
[EventDate "2010.03.28"]
[EventType "swiss"]
[EventRounds "9"]
[EventCountry "ESP"]
[Source "lmi"]
[SourceDate "2010.03.28"]

1. e4 c5 2. Nf3 d6 3. d4 cxd4 4. Nxd4 Nf6 5. Nc3 g6 6. f3 Bg7 7. Be3 a6 8. Be2
b5 9. a3 Bb7 10. Qd2 Nbd7 11. O-O O-O 12. Nd1 d5 13. exd5 Nxd5 14. Bf2 Qc7 15.
c3 Rad8 16. Ne3 Nf4 17. Bg3 Nf6 18. Qe1 N6h5 19. Rd1 e5 20. Bxf4 Nxf4 21. Ndc2
Rxd1 22. Nxd1 Rd8 23. Nde3 Bf8 24. g3 Bc5 25. Kh1 Ne6 26. Qc1 f5 27. Rd1 f4 28.
Rxd8+ Qxd8 29. Ng4 e4 30. Kg2 exf3+ 31. Bxf3 Bxf3+ 0-1

[Event "33. Open Ciudad de San Sebastian"]
[Site "San Sebastián ESP"]
[Date "2010.03.28"]
[Round "1.16"]
[White "Garro Beraza, Julen"]
[Black "Huerga Leache, Mikel"]
[Result "0-1"]
[WhiteElo "1881"]
[BlackElo "2446"]
[PlyCount "74"]
[EventDate "2010.03.28"]
[EventType "swiss"]
[EventRounds "9"]
[EventCountry "ESP"]
[Source "lmi"]
[SourceDate "2010.03.28"]

1. e4 c5 2. Nf3 Nc6 3. Bb5 a6 4. Bxc6 dxc6 5. d3 Qc7 6. O-O Bg4 7. Be3 e5 8.
Nbd2 Bd6 9. Qe2 Ne7 10. Rfd1 O-O 11. h3 Bh5 12. g4 Bg6 13. Nf1 f6 14. Ng3 Bf7
15. Nh4 Be6 16. Nhf5 g6 17. Nxd6 Qxd6 18. Bh6 Rf7 19. Re1 Kh8 20. Bd2 b6 21.
Bc3 Kg8 22. b3 a5 23. a4 Kf8 24. Qe3 Ke8 25. Rf1 g5 26. Rad1 Ng6 27. Nh5 Ke7
28. Kh1 Rh8 29. Rg1 Nf4 30. Nxf4 exf4 31. Qf3 h5 32. Kg2 Qd7 33. Kf1 hxg4 34.
hxg4 Rh4 35. e5 Bxg4 36. Rxg4 Qxg4 37. exf6+ Kd7 0-1

[Event "33. Open Ciudad de San Sebastian"]
[Site "San Sebastián ESP"]
[Date "2010.03.28"]
[Round "1.17"]
[White "Benson, Oisin P"]
[Black "Santos Etxepare, Agustin"]
[Result "1-0"]
[WhiteElo "2065"]
[BlackElo "1593"]
[PlyCount "45"]
[EventDate "2010.03.28"]
[EventType "swiss"]
[EventRounds "9"]
[EventCountry "ESP"]
[Source "lmi"]
[SourceDate "2010.03.28"]

1. d4 d5 2. c4 c6 3. e3 Nf6 4. Nf3 Bg4 5. h3 Bh5 6. g4 Bg6 7. Ne5 Bxb1 8. Rxb1
Nbd7 9. Bg2 Qa5+ 10. Bd2 Qxa2 11. Ra1 Qxb2 12. Rb1 Qa2 13. Rxb7 Nxe5 14. dxe5
Nd7 15. cxd5 cxd5 16. Qe2 Qa1+ 17. Qd1 Qxe5 18. Rxd7 Kxd7 19. Qa4+ Ke6 20. Qc6+
Qd6 21. Qxa8 a6 22. Qc8+ Kf6 23. Qf5# 1-0

[Event "33. Open Ciudad de San Sebastian"]
[Site "San Sebastián ESP"]
[Date "2010.03.28"]
[Round "1.18"]
[White "Barria Zuniga, Daniel"]
[Black "Baroja Arrue, Miguel Maria"]
[Result "1-0"]
[WhiteElo "2435"]
[BlackElo "1875"]
[PlyCount "87"]
[EventDate "2010.03.28"]
[EventType "swiss"]
[EventRounds "9"]
[EventCountry "ESP"]
[Source "lmi"]
[SourceDate "2010.03.28"]

1. d4 Nf6 2. c4 e6 3. Nf3 b6 4. g3 Ba6 5. Qc2 d5 6. cxd5 Nxd5 7. Bg2 Nb4 8. Qd1
Bb7 9. a3 Nd5 10. O-O Nd7 11. Re1 c5 12. e4 Nc7 13. d5 e5 14. Nc3 Bd6 15. Nh4
O-O 16. Nf5 Qf6 17. Qg4 Rfd8 18. Bg5 Qg6 19. Nxd6 Qxd6 20. Bxd8 Rxd8 21. Bf1 a6
22. a4 Bc8 23. Qg5 Nf6 24. f3 h6 25. Qe3 g5 26. Nd1 Kh7 27. Nf2 Rg8 28. Bh3
Bxh3 29. Nxh3 g4 30. Nf2 h5 31. b4 c4 32. Rec1 b5 33. axb5 Nxb5 34. Rxc4 Nd4
35. fxg4 Nxg4 36. Nxg4 Rxg4 37. Rf1 f5 38. exf5 h4 39. Rfc1 Nxf5 40. Rc7+ Ng7
41. R1c6 Qf8 42. Qh6+ Kg8 43. Rc8 Ne8 44. Qe6+ 1-0

[Event "33. Open Ciudad de San Sebastian"]
[Site "San Sebastián ESP"]
[Date "2010.03.28"]
[Round "1.19"]
[White "Zaballa Zarzosa, Jon"]
[Black "Ledger, Andrew J"]
[Result "0-1"]
[WhiteElo "1872"]
[BlackElo "2431"]
[PlyCount "28"]
[EventDate "2010.03.28"]
[EventType "swiss"]
[EventRounds "9"]
[EventCountry "ESP"]
[Source "lmi"]
[SourceDate "2010.03.28"]

1. e4 e6 2. d4 d5 3. Nc3 Nf6 4. e5 Nfd7 5. f4 c5 6. Nf3 Nc6 7. Be3 a6 8. Qd2 b5
9. O-O-O c4 10. f5 Qa5 11. Kb1 b4 12. fxe6 bxc3 13. exd7+ Bxd7 14. Qf2 Rb8 0-1

[Event "33. Open Ciudad de San Sebastian"]
[Site "San Sebastián ESP"]
[Date "2010.03.28"]
[Round "1.21"]
[White "Saenz Zabala, Juan Ignacio"]
[Black "Bae, Torstein"]
[Result "0-1"]
[WhiteElo "1845"]
[BlackElo "2414"]
[PlyCount "62"]
[EventDate "2010.03.28"]
[EventType "swiss"]
[EventRounds "9"]
[EventCountry "ESP"]
[Source "lmi"]
[SourceDate "2010.03.28"]

1. e4 c5 2. f4 d5 3. Nf3 dxe4 4. Ng5 Nf6 5. Bc4 Bg4 6. Qxg4 Nxg4 7. Bxf7+ Kd7
8. Be6+ Kc7 9. Bxg4 Qe8 10. Nc3 Nc6 11. Ncxe4 Nd4 12. Bd1 h6 13. Nf3 Qg6 14.
Ng3 Nxc2+ 15. Bxc2 Qxc2 16. O-O Rd8 17. d4 e6 18. f5 exf5 19. Bf4+ Bd6 20. Rac1
Qxb2 21. Rxc5+ Kb8 22. Bxd6+ Rxd6 23. Nxf5 Rf6 24. Ra5 Rhf8 25. Ng3 Qc3 26. Rb5
Qe3+ 27. Kh1 Qxd4 28. Rfb1 Qd7 29. Ne4 Rb6 30. Rxb6 axb6 31. h3 Rxf3 0-1

[Event "33. Open Ciudad de San Sebastian"]
[Site "San Sebastián ESP"]
[Date "2010.03.28"]
[Round "1.24"]
[White "Argandona Riveiro, Inigo"]
[Black "Buiza Prieto, Aizbeltz"]
[Result "1-0"]
[WhiteElo "2388"]
[BlackElo "1812"]
[PlyCount "61"]
[EventDate "2010.03.28"]
[EventType "swiss"]
[EventRounds "9"]
[EventCountry "ESP"]
[Source "lmi"]
[SourceDate "2010.03.28"]

1. Nf3 d5 2. d4 Nf6 3. c4 c6 4. Nc3 e6 5. Bg5 dxc4 6. a4 Bb4 7. e4 Bxc3+ 8.
bxc3 Qa5 9. e5 Ne4 10. Bd2 Qd5 11. a5 c5 12. Qa4+ Bd7 13. Qxc4 Qxc4 14. Bxc4
Bc6 15. Be3 Nd7 16. Rc1 b5 17. Be2 c4 18. O-O h6 19. Ne1 f5 20. f3 Ng5 21. Nc2
a6 22. Nb4 Bb7 23. Rcd1 O-O 24. h4 Nf7 25. f4 Nd8 26. d5 Nb8 27. Bh5 Kh7 28.
Bf3 exd5 29. Nxd5 Nbc6 30. Nb6 Nxe5 31. fxe5 1-0

[Event "33. Open Ciudad de San Sebastian"]
[Site "San Sebastián ESP"]
[Date "2010.03.28"]
[Round "1.25"]
[White "D'amade, Philippe"]
[Black "Alonso Arburu, Juan Ignacio"]
[Result "0-1"]
[WhiteElo "1810"]
[BlackElo "2372"]
[PlyCount "76"]
[EventDate "2010.03.28"]
[EventType "swiss"]
[EventRounds "9"]
[EventCountry "ESP"]
[Source "lmi"]
[SourceDate "2010.03.28"]

1. e4 e5 2. Nc3 d6 3. g3 Nc6 4. Bg2 Nf6 5. Nge2 g6 6. d3 Bg7 7. O-O O-O 8. h3
Be6 9. Nd5 Bxd5 10. exd5 Ne7 11. Bg5 h6 12. Bxf6 Bxf6 13. Qd2 Kh7 14. f4 exf4
15. Nxf4 Nf5 16. Kh2 Bxb2 17. Rab1 Bd4 18. Rbe1 Qg5 19. Rf3 Rae8 20. Re4 Be5
21. h4 Qd8 22. Qf2 c5 23. dxc6 bxc6 24. Bh3 Ng7 25. d4 f5 26. Re2 Bxf4 27. Rxf4
Ne6 28. Rf3 Nxd4 29. Rxe8 Nxf3+ 30. Qxf3 Qxe8 31. Bg2 d5 32. c4 Qe5 33. cxd5
cxd5 34. h5 a5 35. Qxd5 Qxd5 36. Bxd5 Kg7 37. Kg2 Kf6 38. Kf3 Rd8 0-1

[Event "33. Open Ciudad de San Sebastian"]
[Site "San Sebastián ESP"]
[Date "2010.03.28"]
[Round "1.27"]
[White "D Anna Razzetti, Juan Pablo"]
[Black "Alvarez Fernandez, Enrique"]
[Result "1/2-1/2"]
[WhiteElo "1804"]
[BlackElo "2366"]
[PlyCount "61"]
[EventDate "2010.03.28"]
[EventType "swiss"]
[EventRounds "9"]
[EventCountry "ESP"]
[Source "lmi"]
[SourceDate "2010.03.28"]

1. d4 d5 2. c4 c6 3. Nc3 Nf6 4. e3 a6 5. Nf3 b5 6. cxd5 cxd5 7. Ne5 e6 8. Bd3
Be7 9. O-O Bb7 10. f4 Nbd7 11. Qf3 O-O 12. b3 Rc8 13. Bb2 b4 14. Ne2 Ne4 15.
Qh3 Bd6 16. Rac1 Rxc1 17. Rxc1 Qe7 18. g4 f6 19. Nc6 Bxc6 20. Rxc6 Nb8 21. Rc2
f5 22. Ng3 g6 23. g5 Qd7 24. Qf1 Rc8 25. Qc1 Rxc2 26. Qxc2 Qb7 27. Nxe4 fxe4
28. Be2 Nc6 29. Kf2 Ne7 30. Bg4 Kf7 31. h4 1/2-1/2

[Event "33. Open Ciudad de San Sebastian"]
[Site "San Sebastián ESP"]
[Date "2010.03.28"]
[Round "1.28"]
[White "Andres Gonzalez, Ivan"]
[Black "Iglesias Gonzalez, Veronica"]
[Result "1-0"]
[WhiteElo "2340"]
[BlackElo "1803"]
[PlyCount "75"]
[EventDate "2010.03.28"]
[EventType "swiss"]
[EventRounds "9"]
[EventCountry "ESP"]
[Source "lmi"]
[SourceDate "2010.03.28"]

1. e4 e5 2. Nf3 d6 3. d4 exd4 4. Nxd4 Nf6 5. Nc3 Be7 6. Bc4 Bd7 7. O-O Nc6 8.
Re1 Ne5 9. Bf1 O-O 10. f4 Ng6 11. h3 Ne8 12. Bc4 c6 13. Bb3 Bf6 14. Be3 Bh4 15.
Rf1 c5 16. Nf3 Be6 17. Nd5 Nc7 18. Nxc7 Qxc7 19. f5 Bxb3 20. axb3 Bf6 21. fxg6
Bxb2 22. gxh7+ Kh8 23. Rb1 Bf6 24. Bg5 Bc3 25. Qd3 Ba5 26. Rbd1 Rfe8 27. Bh4 f6
28. Bg3 Bb6 29. c4 Qc6 30. Rfe1 Rad8 31. Nh4 Bc7 32. Qc2 b5 33. e5 Qb6 34. Ng6+
Kxh7 35. e6 bxc4 36. Nf8+ Kg8 37. Qh7+ Kxf8 38. Qh8+ 1-0

[Event "33. Open Ciudad de San Sebastian"]
[Site "San Sebastián ESP"]
[Date "2010.03.28"]
[Round "1.29"]
[White "Bas Mas, Miguel"]
[Black "Jakobsen, Ole"]
[Result "0-1"]
[WhiteElo "1801"]
[BlackElo "2332"]
[PlyCount "80"]
[EventDate "2010.03.28"]
[EventType "swiss"]
[EventRounds "9"]
[EventCountry "ESP"]
[Source "lmi"]
[SourceDate "2010.03.28"]

1. e4 c5 2. Nf3 a6 3. d4 cxd4 4. Nxd4 Nf6 5. Nc3 e5 6. Nb3 Bb4 7. Bg5 h6 8.
Bxf6 Bxc3+ 9. bxc3 Qxf6 10. Bd3 O-O 11. O-O d6 12. Qd2 Nd7 13. f4 Qe7 14. f5
Nf6 15. c4 b5 16. Qe2 bxc4 17. Bxc4 Bb7 18. Nd2 Rfc8 19. Bb3 d5 20. exd5 Bxd5
21. c4 Bc6 22. Kh1 Re8 23. Rac1 Qc5 24. Rc3 Rad8 25. Bc2 e4 26. Nb3 Qe5 27. Re3
h5 28. h3 a5 29. Bb1 a4 30. Nd2 Qb2 31. Rf2 Rxd2 32. Qxd2 Qxb1+ 33. Kh2 Qb8+
34. Kh1 Qe5 35. Qd1 Qc5 36. Qe2 Rd8 37. Rc3 Rd3 38. Rc2 Qd4 39. Rc1 e3 40. Rff1
Rd2 0-1

[Event "33. Open Ciudad de San Sebastian"]
[Site "San Sebastián ESP"]
[Date "2010.03.28"]
[Round "1.30"]
[White "Thomassen, Joachim"]
[Black "Navascues Zabaleta, Jesus"]
[Result "1-0"]
[WhiteElo "2331"]
[BlackElo "1800"]
[PlyCount "75"]
[EventDate "2010.03.28"]
[EventType "swiss"]
[EventRounds "9"]
[EventCountry "ESP"]
[Source "lmi"]
[SourceDate "2010.03.28"]

1. d4 e6 2. c4 d5 3. Nc3 Nf6 4. cxd5 exd5 5. Bg5 Nbd7 6. e3 c6 7. Bd3 Be7 8.
Qc2 O-O 9. Nge2 h6 10. Bh4 Re8 11. f3 Nf8 12. Bf2 Ne6 13. g4 Ng5 14. Ng1 Bd6
15. O-O-O c5 16. h4 c4 17. Bf5 Bxf5 18. Qxf5 g6 19. Qc2 Ne6 20. g5 hxg5 21.
hxg5 Nxg5 22. Bh4 Ngh7 23. Nxd5 g5 24. Bf2 Nf8 25. Nxf6+ Qxf6 26. Nh3 Be7 27.
Nxg5 Qg6 28. Ne4 Qf5 29. Nd2 Qxc2+ 30. Kxc2 Bf6 31. Rdg1+ Ng6 32. f4 Kf8 33. f5
Ne7 34. e4 Nxf5 35. exf5 Re2 36. Rh2 Bxd4 37. Bxd4 Rxh2 38. Bc5+ 1-0